Makroekonomický výhled České republiky na období 2006 - 2007

Ekonomická situácia Českej republiky v roku 2005. Tempo rastu hrubého domáceho produktu. Vysoká dynamika ekonomiky. Obchodná bilancia. Vývoj verejených financií. Makroekonomický výhľad na roky 2006-2007.

Guardado en:
Detalles Bibliográficos
Autor principal: Mertlík, Pavel
Formato: Capítulo de libro
Lenguaje:checo
Materias:
Etiquetas: Agregar Etiqueta
Sin Etiquetas, Sea el primero en etiquetar este registro!

MARC

LEADER 00000naa$a2200000$$$4500
001 0037369
005 20230927101826.2
041 0 |a cze 
044 |a CZ 
245 1 0 |a Makroekonomický výhled České republiky na období 2006 - 2007  |c Pavel Mertlík 
520 |a Ekonomická situácia Českej republiky v roku 2005. Tempo rastu hrubého domáceho produktu. Vysoká dynamika ekonomiky. Obchodná bilancia. Vývoj verejených financií. Makroekonomický výhľad na roky 2006-2007. 
610 2 0 |a situácia hospodárska 
610 2 0 |a rast hospodársky 
610 2 0 |a tempo rastu hospodárskeho 
610 2 0 |a faktory rastu hospodárskeho 
610 2 0 |a vývoj hospodársky 
610 2 0 |a makroekonomika 
610 2 0 |a Česko 
610 2 0 |a výkonnosť ekonomiky 
100 1 |a Mertlík, Pavel